000 00362nam a2200133Ia 4500
008 240624s9999 xx 000 0 und d
041 _aeng
082 _a658.406 JON
100 _aJONES GARETH R
245 _aORGANIZATIONAL THEORY DESIGN AND CHANGES
250 _a(4th ed.)
260 _c2004
_aNew Delhi
_bPearson Education
300 _axxv, : 592 : p. : cm. ; 25
999 _c8724
_d8724